[Event "Trujillo Interclubes"]
[White "Rojas Menor, Walter Alejandro"]
[Black "Medina Vertiz, Cesar Alejandro"]
[Site "Trujillo"]
[Round "3"]
[Result "1-0"]
[Date "2016.07.16"]
[WhiteElo "2008"]
[BlackElo "1415"]
[PlyCount "53"]
[EventDate "2016.07.09"]
[EventType "team-swiss"]
[EventRounds "6"]
[EventCountry "PER"]
[SourceTitle "EXT 2018"]
[Source "ChessBase"]
[SourceDate "2017.10.13"]
[SourceVersion "1"]
[SourceVersionDate "2017.10.13"]
[SourceQuality "1"]

1. d4 d5 2. Nf3 f5 3. c4 c6 4. Nc3 e6 5. c5 Nf6 6. Bf4 Be7 7. e3 Nbd7 8. Be2 0-0 9. 0-0 Ne4 10. Nxe4 fxe4 11. Ne5 Nxe5 12. Bxe5 Bf6 13. Bd6 Be7 14. Bg3 Bh4 15. Qc2 Bxg3 16. fxg3 Bd7 17. Rf4 Qc7 18. Qb3 b5 19. Raf1 e5 20. Rxe4 Rxf1+ 21. Bxf1 exd4 22. exd4 Rf8 23. Re5 Be6 24. Qe3 Bc8 25. Re7 Qa5 26. Qe5 Rf6 27. Qg5 1-0